000 00396nam a22001577a 4500
003 SGT
020 _a9788131256855
082 _a617.525
_bC19H
100 _aJames R Hupp,
245 _aContemporary Oral And Maxillofacial Surgery
250 _a7TH South Asia
260 _aNEW DELHI
_bElsevier Health Sciences, India
_c2019
300 _a1-708
650 _aORAL SURGERY
942 _2ddc
_cBK
_013
999 _c20917
_d20917